Deviatnik k svätému Júdovi Tadeášovi pomocníkovi v každom súžení. /
Uložené v:
| Médium: | Kniha |
|---|---|
| Jazyk: | Slovak |
| Vydané: |
Trnava :
Spolok svätého Vojtecha,
1999
|
| Vydanie: | 4. vyd. |
| Témy: | |
| ISBN: |
8071622575 (brož.) |
| Fyzický popis: |
30 s. |
| Tagy: |
Pridať tag
Žiadne tagy, Buďte prvý kto otaguje tento záznam!
|
Titul je dostupný aj v ... 

MARC
| LEADER | 00000nam a2200000 a 4500 | ||
|---|---|---|---|
| 001 | 000042421 | ||
| 003 | SVKK | ||
| 005 | 19990722000000.0 | ||
| 008 | 990518s1999 xo e sloo | ||
| 020 | |a 8071622575 (brož.) | ||
| 040 | |a SVKKK |b slo |c SVKKK |e AACR2 | ||
| 041 | 0 | |a slo | |
| 044 | |a xo |c SK | ||
| 080 | |a 243 |2 1997 | ||
| 245 | 0 | 0 | |a Deviatnik k svätému Júdovi Tadeášovi pomocníkovi v každom súžení. / |c Red. Jozef Šintál |
| 250 | |a 4. vyd. | ||
| 260 | |a Trnava : |b Spolok svätého Vojtecha, |c 1999 | ||
| 300 | |a 30 s. | ||
| 653 | 0 | |a modlitby |2 SVKKKPH | |
| 653 | 0 | |a deviatnik |2 SVKKKPH | |
| 655 | 7 | |a monografie |2 SVKKKPH | |
| 700 | 1 | |a Šintál, Jozef |4 pfr | |
| 910 | |a svkkk | ||
| 919 | |a 80-7162-257-5 | ||
| 974 | |a UH |d 19990719 | ||
| 974 | |a PA |d 19990630 | ||
| 974 | |a MI |d 19990722 | ||
| 998 | |a BK | ||
| 090 | |g SCKHL |k Sklad Hlavná 10 prízemie |a I.69439 |j 925112 |i 2720398209 |s Absenčne | ||